000 00261nam a2200109Ia 4500
008 240625s9999 xx 000 0 und d
041 _aeng
082 _a658.87 ALE
100 _aSALUJA NAVNEET
245 _aCHANGING FACE OF RETAILING IN INDIA
365 _cRS
_b15
999 _c34675
_d34675